Statistics for 日本の私立大学

Click here to take the quiz!

General Stats

  • This quiz has been taken 661 times
  • The average score is 93 of 624

Answer Stats

本部所在地大学名% Correct
東京都早稲田大学
87%
東京都明治大学
84%
東京都青山学院大学
84%
東京都慶應義塾大学
82%
東京都日本大学
81%
東京都中央大学
81%
東京都法政大学
80%
東京都立教大学
80%
京都府立命館大学
74%
兵庫県関西学院大学
73%
東京都専修大学
73%
東京都駒澤大学
72%
東京都東洋大学
72%
東京都帝京大学
72%
京都府同志社大学
71%
大阪府関西大学
71%
東京都上智大学
70%
東京都東京理科大学
68%
東京都亜細亜大学
67%
東京都東海大学
66%
東京都帝京平成大学
66%
神奈川県神奈川大学
65%
東京都明治学院大学
64%
大阪府近畿大学
62%
東京都成蹊大学
60%
東京都大東文化大学
59%
東京都学習院大学
59%
京都府龍谷大学
58%
東京都成城大学
58%
福岡県福岡大学
56%
青森県青森大学
55%
東京都東京農業大学
55%
東京都國學院大學
55%
東京都国士舘大学
55%
埼玉県獨協大学
54%
東京都武蔵大学
52%
京都府京都産業大学
51%
神奈川県関東学院大学
49%
北海道札幌大学
49%
東京都日本体育大学
49%
東京都日本女子大学
48%
山梨県山梨学院大学
47%
兵庫県甲南大学
46%
東京都桜美林大学
46%
宮城県仙台大学
46%
愛知県愛知大学
45%
北海道北海学園大学
45%
東京都東京女子大学
44%
東京都国際基督教大学
44%
愛知県南山大学
44%
千葉県中央学院大学
42%
東京都創価大学
42%
千葉県江戸川大学
42%
沖縄県沖縄大学
42%
埼玉県東京国際大学
41%
東京都芝浦工業大学
41%
岩手県盛岡大学
41%
東京都武蔵野大学
41%
群馬県上武大学
41%
宮城県東北学院大学
40%
東京都昭和大学
40%
東京都デジタルハリウッド大学
40%
愛知県中京大学
40%
東京都明星大学
40%
奈良県奈良大学
39%
千葉県千葉工業大学
38%
東京都東京経済大学
38%
愛知県名城大学
38%
東京都順天堂大学
38%
東京都東京医科大学
38%
北海道旭川大学
36%
福岡県西南学院大学
35%
東京都東京工科大学
35%
東京都大正大学
35%
東京都津田塾大学
35%
愛媛県松山大学
35%
北海道函館大学
35%
茨城県流通経済大学
35%
北海道北海道医療大学
35%
埼玉県駿河台大学
34%
岡山県川崎医科大学
34%
兵庫県神戸学院大学
34%
東京都工学院大学
33%
東京都立正大学
33%
愛知県愛知学院大学
33%
東京都東京電機大学
33%
大阪府大阪工業大学
33%
埼玉県ものつくり大学
32%
宮城県東北福祉大学
31%
東京都日本医科大学
31%
埼玉県城西大学
31%
東京都多摩美術大学
31%
東京都拓殖大学
31%
大阪府桃山学院大学
31%
東京都東京都市大学
30%
東京都武蔵野美術大学
28%
東京都北里大学
28%
京都府同志社女子大学
28%
大分県立命館アジア太平洋大学
28%
東京都国立音楽大学
28%
栃木県自治医科大学
28%
東京都東邦大学
28%
大阪府摂南大学
28%
愛知県愛知工業大学
28%
福岡県久留米大学
27%
北海道天使大学
27%
長野県松本大学
27%
東京都玉川大学
27%
東京都東京歯科大学
26%
大阪府大和大学
26%
岩手県富士大学
26%
福岡県福岡工業大学
26%
大阪府大阪経済大学
26%
岡山県岡山理科大学
25%
神奈川県フェリス女学院大学
25%
静岡県常葉大学
24%
三重県皇學館大学
24%
京都府京都女子大学
24%
大阪府追手門学院大学
24%
神奈川県麻布大学
24%
石川県金沢工業大学
24%
東京都東京音楽大学
24%
青森県岩手医科大学
24%
東京都東京女子医科大学
24%
東京都大妻女子大学
23%
三重県四日市大学
23%
京都府佛教大学
23%
大阪府大阪産業大学
22%
東京都文教大学
22%
兵庫県武庫川女子大学
22%
栃木県白鴎大学
22%
愛知県中部大学
22%
埼玉県明海大学
22%
香川県高松大学
22%
兵庫県兵庫大学
22%
大分県別府大学
21%
東京都昭和女子大学
21%
奈良県天理大学
21%
埼玉県埼玉医科大学
21%
東京都目白大学
21%
埼玉県日本工業大学
20%
広島県広島修道大学
20%
千葉県千葉商科大学
20%
東京都帝京科学大学
20%
北海道札幌学院大学
20%
岐阜県中京学院大学
20%
福岡県九州産業大学
20%
東京都学習院女子大学
20%
栃木県獨協医科大学
20%
大阪府関西外国語大学
20%
宮城県ノースアジア大学
20%
栃木県国際医療福祉大学
19%
東京都東京薬科大学
19%
石川県金沢医科大学
19%
群馬県関東学園大学
19%
東京都高千穂大学
19%
東京都杏林大学
19%
青森県八戸学院大学
19%
東京都和光大学
19%
神奈川県鶴見大学
19%
千葉県麗澤大学
19%
千葉県神田外語大学
19%
東京都多摩大学
19%
埼玉県城西国際大学
18%
大阪府大阪学院大学
18%
北海道北星学園大学
18%
東京都二松学舎大学
18%
徳島県四国大学
18%
広島県福山大学
18%
宮城県東北医科薬科大学
18%
神奈川県聖マリアンナ医科大学
18%
神奈川県湘南工科大学
18%
大阪府大阪商業大学
17%
宮城県石巻専修大学
17%
東京都星薬科大学
17%
青森県弘前学院大学
17%
奈良県高野山大学
17%
愛知県藤田医科大学
17%
東京都東京家政大学
17%
福井県福井工業大学
17%
京都府京都外国語大学
16%
兵庫県神戸女学院大学
16%
広島県広島工業大学
16%
大阪府大阪芸術大学
16%
愛知県豊田工業大学
16%
愛知県名古屋学院大学
16%
大阪府関西医科大学
16%
東京都産業能率大学
16%
東京都白百合女子大学
16%
神奈川県神奈川工科大学
16%
神奈川県横浜商科大学
16%
滋賀県長浜バイオ大学
16%
石川県北陸大学
16%
北海道藤女子大学
16%
栃木県作新学院大学
16%
千葉県千葉経済大学
16%
埼玉県浦和大学
16%
群馬県高崎健康福祉大学
16%
岐阜県朝日大学
15%
愛知県東海学園大学
15%
大分県日本文理大学
15%
熊本県崇城大学
15%
京都府大谷大学
15%
東京都東京未来大学
15%
福岡県日本経済大学
15%
埼玉県淑徳大学
15%
愛知県愛知医科大学
15%
宮城県東北工業大学
15%
群馬県東京福祉大学
15%
愛知県名古屋商科大学
15%
愛知県金城学院大学
15%
大阪府東大阪大学
15%
埼玉県埼玉工業大学
15%
東京都日本歯科大学
15%
東京都日本女子体育大学
15%
埼玉県日本薬科大学
14%
新潟県国際大学
14%
広島県広島経済大学
14%
香川県四国学院大学
14%
石川県金沢学院大学
14%
新潟県長岡大学
14%
埼玉県平成国際大学
14%
大阪府阪南大学
14%
兵庫県神戸女子大学
14%
大阪府大阪体育大学
14%
兵庫県芦屋大学
14%
京都府京都精華大学
13%
栃木県育英大学
13%
徳島県徳島文理大学
13%
群馬県群馬パース大学
13%
千葉県国際武道大学
13%
愛知県名古屋経済大学
13%
茨城県筑波学院大学
13%
東京都文京学院大学
13%
兵庫県姫路大学
13%
北海道酪農学園大学
13%
東京都東京工芸大学
13%
東京都昭和薬科大学
13%
埼玉県千葉科学大学
13%
東京都聖心女子大学
13%
東京都武蔵野音楽大学
13%
東京都東洋学園大学
13%
岡山県環太平洋大学
13%
愛知県日本福祉大学
13%
東京都実践女子大学
13%
北海道北翔大学
12%
神奈川県鎌倉女子大学
12%
神奈川県桐蔭横浜大学
12%
愛知県愛知淑徳大学
12%
神奈川県松蔭大学
12%
福岡県九州国際大学
12%
大阪府大阪国際大学
12%
新潟県新潟医療福祉大学
12%
青森県八戸工業大学
12%
大阪府大阪医科薬科大学
12%
茨城県茨城キリスト教大学
12%
茨城県常磐大学
12%
兵庫県兵庫医科大学
12%
東京都共立女子大学
12%
東京都東京慈恵会医科大学
12%
栃木県足利大学
12%
京都府京都芸術大学
12%
北海道札幌国際大学
11%
兵庫県甲子園大学
11%
愛知県名古屋外国語大学
11%
沖縄県沖縄国際大学
11%
愛知県椙山女学園大学
11%
群馬県高崎商科大学
11%
熊本県熊本学園大学
11%
奈良県帝塚山大学
11%
千葉県和洋女子大学
11%
東京都明治薬科大学
11%
東京都東京富士大学
10%
兵庫県甲南女子大学
10%
岐阜県中部学院大学
10%
福島県福島学院大学
10%
愛知県名古屋女子大学
10%
神奈川県東洋英和女学院大学
10%
滋賀県びわこ成蹊スポーツ大学
10%
愛知県愛知産業大学
10%
京都府京都橘大学
10%
東京都清泉女子大学
10%
千葉県東京情報大学
10%
山口県徳山大学
10%
神奈川県横浜薬科大学
10%
福岡県産業医科大学
10%
愛知県大同大学
9%
北海道稚内北星学園大学
9%
大阪府宝塚大学
9%
岐阜県岐阜聖徳学園大学
9%
富山県高岡法科大学
9%
岐阜県岐阜女子大学
9%
広島県広島国際大学
9%
東京都跡見学園女子大学
9%
埼玉県武蔵野学院大学
9%
大阪府大阪経済法科大学
9%
福島県奥羽大学
9%
兵庫県姫路獨協大学
9%
兵庫県流通科学大学
9%
兵庫県関西国際大学
9%
京都府花園大学
9%
東京都ルーテル学院大学
9%
東京都女子美術大学
9%
奈良県奈良学園大学
9%
兵庫県神戸国際大学
9%
北海道星槎道都大学
9%
岡山県岡山商科大学
9%
岡山県就実大学
9%
神奈川県相模女子大学
9%
大阪府大阪電気通信大学
8%
静岡県聖隷クリストファー大学
8%
埼玉県埼玉学園大学
8%
埼玉県西武文理大学
8%
愛知県至学館大学
8%
愛知県愛知学泉大学
8%
北海道札幌大谷大学
8%
京都府京都薬科大学
8%
神奈川県洗足学園音楽大学
8%
福岡県サイバー大学
8%
宮崎県南九州大学
8%
東京都駒沢女子大学
8%
富山県富山国際大学
8%
石川県金沢星稜大学
8%
長崎県西九州大学
8%
北海道北海道科学大学
8%
埼玉県聖学院大学
8%
石川県金城大学
8%
大阪府大阪音楽大学
7%
東京都桐朋学園大学
7%
愛知県星城大学
7%
福島県東日本国際大学
7%
新潟県新潟薬科大学
7%
大阪府大阪歯科大学
7%
新潟県新潟産業大学
7%
東京都東京女子体育大学
7%
長崎県長崎国際大学
7%
茨城県つくば国際大学
7%
東京都東京成徳大学
7%
愛知県愛知工科大学
7%
東京都嘉悦大学
7%
東京都恵泉女学園大学
7%
三重県鈴鹿大学
7%
千葉県東京基督教大学
7%
北海道北洋大学
7%
埼玉県十文字学園女子大学
7%
神奈川県日本映画大学
7%
愛知県名古屋芸術大学
7%
北海道北海道情報大学
7%
京都府種智院大学
7%
東京都東京家政学院大学
7%
鹿児島県第一工科大学
7%
山梨県身延山大学
7%
東京都聖路加国際大学
7%
長野県松本歯科大学
7%
栃木県文星芸術大学
7%
千葉県川村学園女子大学
6%
福岡県西日本工業大学
6%
北海道日本医療大学
6%
滋賀県びわこ学院大学
6%
青森県青森中央学院大学
6%
神奈川県神奈川歯科大学
6%
愛知県名古屋学芸大学
6%
千葉県敬愛大学
6%
岡山県川崎医療福祉大学
6%
長崎県活水女子大学
6%
埼玉県愛国学園大学
6%
福岡県九州共立大学
6%
奈良県畿央大学
6%
神奈川県横浜創英大学
6%
石川県北陸学院大学
6%
大阪府大阪成蹊大学
6%
大阪府大阪観光大学
6%
鹿児島県志學館大学
6%
埼玉県女子栄養大学
6%
岐阜県岐阜協立大学
6%
広島県安田女子大学
6%
大阪府帝塚山学院大学
6%
大阪府四天王寺大学
6%
静岡県浜松学院大学
6%
宮城県東北公益文科大学
6%
愛知県人間環境大学
6%
福島県郡山女子大学
6%
東京都東京神学大学
6%
千葉県亀田医療大学
6%
千葉県聖徳大学
6%
宮城県東北芸術工科大学
5%
兵庫県大手前大学
5%
鹿児島県鹿児島国際大学
5%
兵庫県神戸薬科大学
5%
青森県柴田学園大学
5%
千葉県秀明大学
5%
北海道北海商科大学
5%
千葉県植草学園大学
5%
兵庫県関西福祉大学
5%
埼玉県東邦音楽大学
5%
埼玉県東都大学
5%
長野県清泉女学院大学
5%
岡山県岡山学院大学
5%
愛知県同朋大学
5%
岐阜県東海学院大学
5%
大阪府森ノ宮医療大学
5%
静岡県静岡産業大学
5%
愛知県名古屋産業大学
5%
神奈川県湘南医療大学
5%
北海道北海道文教大学
5%
岡山県美作大学
5%
新潟県新潟青陵大学
5%
福岡県第一薬科大学
5%
岡山県吉備国際大学
5%
新潟県新潟国際情報大学
5%
福岡県中村学園大学
5%
三重県鈴鹿医療科学大学
5%
大阪府大阪樟蔭女子大学
4%
愛知県愛知みずほ大学
4%
埼玉県尚美学園大学
4%
大阪府大阪大谷大学
4%
愛媛県聖カタリナ大学
4%
静岡県静岡理工科大学
4%
広島県エリザベト音楽大学
4%
福井県仁愛大学
4%
兵庫県神戸親和女子大学
4%
宮城県東北生活文化大学
4%
広島県広島女学院大学
4%
広島県広島国際学院大学
4%
山口県宇部フロンティア大学
4%
広島県比治山大学
4%
宮城県宮城学院女子大学
4%
広島県福山平成大学
4%
兵庫県神戸海星女子学院大学
4%
東京都杉野服飾大学
4%
大阪府関西医療大学
4%
宮城県仙台白百合女子大学
4%
大阪府藍野大学
4%
大阪府大阪青山大学
4%
宮城県東北文化学園大学
4%
埼玉県共栄大学
4%
東京都日本獣医生命科学大学
4%
東京都東京造形大学
4%
愛知県豊橋創造大学
4%
栃木県桐生大学
4%
岡山県くらしき作陽大学
4%
岡山県ノートルダム清心女子大学
4%
愛知県岡崎女子大学
4%
栃木県宇都宮共和大学
4%
神奈川県星槎大学
4%
京都府京都光華女子大学
4%
埼玉県清和大学
4%
長崎県長崎外国語大学
4%
岡山県倉敷芸術科学大学
4%
東京都白梅学園大学
4%
長崎県鎮西学院大学
4%
大阪府大阪物療大学
4%
神奈川県昭和音楽大学
4%
神奈川県横浜美術大学
4%
鳥取県鳥取看護大学
4%
青森県弘前医療福祉大学
4%
新潟県新潟工科大学
4%
神奈川県湘南鎌倉医療大学
4%
千葉県了徳寺大学
4%
京都府明治国際医療大学
4%
愛知県名古屋音楽大学
4%
東京都日本文化大学
4%
兵庫県神戸情報大学院大学
4%
岡山県中国学園大学
4%
福岡県福岡歯科大学
3%
岡山県山陽学園大学
3%
兵庫県兵庫医療大学
3%
福岡県福岡女学院大学
3%
広島県広島文化学園大学
3%
山口県東亜大学
3%
福岡県筑紫女学園大学
3%
福岡県九州女子大学
3%
宮崎県宮崎国際大学
3%
東京都文化学園大学
3%
沖縄県沖縄キリスト教学院大学
3%
埼玉県開智国際大学
3%
宮城県尚絅学院大学
3%
京都府京都先端科学大学
3%
神奈川県田園調布学園大学
3%
京都府京都ノートルダム女子大学
3%
京都府平安女学院大学
3%
愛知県愛知東邦大学
3%
東京都日本赤十字看護大学
3%
福島県医療創生大学
3%
群馬県群馬医療福祉大学
3%
大阪府大阪女学院大学
3%
東京都上野学園大学
3%
東京都東京通信大学
3%
山梨県健康科学大学
3%
愛知県名古屋文理大学
3%
長野県佐久大学
2%
岐阜県岐阜医療科学大学
2%
愛知県名古屋造形大学
2%
広島県広島文教大学
2%
埼玉県日本医療科学大学
2%
山口県梅光学院大学
2%
愛知県愛知文教大学
2%
愛知県桜花学園大学
2%
群馬県共愛学園前橋国際大学
2%
愛知県修文大学
2%
広島県広島都市学園大学
2%
新潟県新潟経営大学
2%
福井県福井医療大学
2%
長崎県長崎総合科学大学
2%
東京都日本社会事業大学
2%
宮崎県宮崎産業経営大学
2%
熊本県九州看護福祉大学
2%
熊本県尚絅大学
2%
東京都東京純心大学
2%
東京都東京医療保健大学
2%
長崎県長崎純心大学
2%
福岡県九州情報大学
2%
山口県至誠館大学
2%
福岡県西南女学院大学
2%
福岡県久留米工業大学
2%
東京都東京有明医療大学
2%
神奈川県八洲学園大学
2%
新潟県敬和学園大学
2%
高知県高知学園大学
2%
新潟県新潟食料農業大学
2%
愛知県一宮研伸大学
2%
山梨県山梨英和大学
2%
三重県四日市看護医療大学
2%
大阪府千里金蘭大学
2%
宮城県東北文教大学
2%
大阪府相愛大学
2%
宮城県秋田看護福祉大学
2%
大阪府梅花女子大学
2%
兵庫県神戸松蔭女子学院大学
2%
京都府京都美術工芸大学
2%
兵庫県神戸芸術工科大学
2%
京都府京都情報大学院大学
2%
大阪府関西福祉科学大学
2%
岩手県岩手保健医療大学
2%
大阪府羽衣国際大学
2%
大阪府太成学院大学
2%
兵庫県園田学園女子大学
2%
京都府京都文教大学
2%
茨城県日本ウェルネススポーツ大学
2%
滋賀県聖泉大学
2%
東京都東京保健医療専門職大学
1%
大阪府大阪河崎リハビリテーション大学
1%
埼玉県日本保健医療大学
1%
宮城県日本赤十字秋田看護大学
1%
愛知県名古屋国際工科専門職大学
1%
東京都東京医療学院大学
1%
沖縄県沖縄科学技術大学院大学
1%
東京都ヤマザキ動物看護大学
1%
兵庫県神戸常盤大学
1%
東京都こども教育宝仙大学
1%
鹿児島県鹿児島純心女子大学
1%
東京都東京国際工科専門職大学
1%
熊本県熊本保健科学大学
1%
東京都情報経営イノベーション専門職大学
1%
福岡県九州栄養福祉大学
1%
熊本県平成音楽大学
1%
福岡県聖マリア学院大学
1%
福岡県福岡女学院看護大学
1%
福岡県純真学園大学
1%
大阪府四條畷学園大学
1%
東京都ビジネス・ブレークスルー大学
1%
東京都東京聖栄大学
1%
大阪府常磐会学園大学
1%
大阪府大阪人間科学大学
1%
千葉県三育学院大学
1%
熊本県九州ルーテル学院大学
1%
東京都国際ファッション専門職大学
1%
兵庫県宝塚医療大学
1%
大阪府桃山学院教育大学
1%
静岡県静岡英和学院大学
1%
京都府京都医療科学大学
1%
長野県松本看護大学
1%
京都府嵯峨美術大学
1%
岐阜県岐阜保健大学
1%
静岡県静岡福祉大学
1%
北海道札幌保健医療大学
1%
埼玉県人間総合科学大学
1%
広島県日本赤十字広島看護大学
1%
兵庫県関西看護医療大学
1%
奈良県天理医療大学
1%
滋賀県成安造形大学
1%
愛知県日本赤十字豊田看護大学
1%
和歌山県和歌山信愛大学
1%
愛知県名古屋柳城女子大学
1%
北海道北海道千歳リハビリテーション大学
1%
大阪府大阪保健医療大学
1%
長野県長野保健医療大学
1%
新潟県長岡崇徳大学
1%
愛媛県松山東雲女子大学
1%
石川県かなざわ食マネジメント専門職大学
1%
京都府京都看護大学
1%
京都府京都華頂大学
1%
山口県山口学芸大学
1%
新潟県事業創造大学院大学
1%
新潟県新潟リハビリテーション大学
1%
北海道日本赤十字北海道看護大学
1%
富山県桐朋学園大学院大学
1%
大阪府大阪行岡医療大学
0%
滋賀県びわこリハビリテーション専門職大学
0%
東京都事業構想大学院大学
0%
東京都社会情報大学院大学
0%
大阪府滋慶医療科学大学
0%
東京都大学院大学至善館
0%
宮崎県九州保健福祉大学
0%
和歌山県和歌山リハビリテーション専門職大学
0%
神奈川県情報セキュリティ大学院大学
0%
東京都国際仏教学大学院大学
0%
岡山県岡山医療専門職大学
0%
福岡県日本赤十字九州国際看護大学
0%
新潟県開志専門職大学
0%
大阪府大阪国際工科専門職大学
0%
静岡県光産業創成大学院大学
0%
東京都LEC東京リーガルマインド大学院大学
0%
東京都SBI大学院大学
0%
東京都ハリウッド大学院大学
0%
兵庫県神戸医療福祉大学
0%
東京都大原大学院大学
0%
高知県高知リハビリテーション専門職大学
0%
東京都グロービス経営大学院大学
0%
福岡県福岡国際医療福祉大学
0%
福岡県福岡看護大学
0%
福岡県保健医療経営大学
0%
東京都文化ファッション大学院大学
0%
大阪府大阪総合保育大学
0%

Score Distribution

Percentile by Number Answered

Percent of People with Each Score

Your Score History

You have not taken this quiz